Lý thuyết truyền tin

Kaydedildi:
Detaylı Bibliyografya
Yazar: Trần Trung Dũng
Materyal Türü: Kitap
Dil:Undetermined
Baskı/Yayın Bilgisi: H. KHKT 2004
Konular:
Etiketler: Etiketle
Etiket eklenmemiş, İlk siz ekleyin!
Thư viện lưu trữ: Trung tâm Học liệu Trường Đại học Cần Thơ
LEADER 00528nam a2200193Ia 4500
001 CTU_62612
008 210402s9999 xx 000 0 und d
020 |b 35500 
082 |a 621.382 
082 |b D513 
100 |a Trần Trung Dũng 
245 0 |a Lý thuyết truyền tin 
245 0 |c Trần Trung Dũng và Nguyễn Thúy Anh 
260 |a H. 
260 |b KHKT 
260 |c 2004 
650 |a communication in engineering 
904 |i Minh 
980 |a Trung tâm Học liệu Trường Đại học Cần Thơ